Monestir de Sant Llorenç segles VII-XXI : Guardiola de Berguedà / segles VII-XXI : Guardiola de Berguedà /
Descripción Física:
24 pàgines : il·lustracions (algunes en color) 21 cm
Materias:
Monestir de Sant Llorenç prop Bagà -- Conservació i restauració
; Monestir de Sant Llorenç prop Bagà -- Història
Idioma:
Catalán
MARC
| LEADER | 00000nam a2200000Ia 4500 | ||
|---|---|---|---|
| 001 | 25376 | ||
| 003 | Arxiu | ||
| 005 | 20260324181103.0 | ||
| 008 | 220502b spa||||| |||| 00| 0 cat d | ||
| 017 | |a DL B 6861-2020 | ||
| 080 | |a FU-68-45 | ||
| 245 | |a Monestir de Sant Llorenç |b segles VII-XXI : Guardiola de Berguedà / |c autoria: Servei de Patrimoni Arquitectònic Local (SPAL) de la Diputació de Barcelona | ||
| 250 | |a Segona edició | ||
| 260 | |a Barcelona : |b Diputació de Barcelona, |c març de 2020 | ||
| 300 | |a 24 pàgines : |b il·lustracions (algunes en color) |c 21 cm | ||
| 610 | 2 | 0 | |a Monestir de Sant Llorenç prop Bagà |x Conservació i restauració |9 55154 |
| 610 | 2 | 0 | |a Monestir de Sant Llorenç prop Bagà |x Història |9 52726 |
| 710 | |a Barcelona (Catalunya : Província). |b Servei de Patrimoni Arquitectònic Local |9 19202 | ||
| 710 | 1 | |a Guardiola de Berguedà (Catalunya). |b Ajuntament |9 52727 | |
| 901 | |a Arxiu | ||
| 942 | |n 1 |2 udc |c ARXIU | ||
| 952 | |0 0 |1 0 |4 0 |7 1 |9 61453 |a Arxiu |b Arxiu |d 2022-05-02 |o FU-68-45 |p 25376 |r 2022-05-02 00:00:00 |w 2022-05-02 |y ARXIU | ||
| 999 | |c 81406 |d 81406 | ||